[Event "Internet Section 06B g/8'+2\""]
[Site "Dos Hermanas"]
[Date "2004.03.06"]
[Round "2"]
[White "Somer, Nick"]
[Black "O'Dea, David"]
[Result "1-0"]
[WhiteElo "1622"]
[BlackElo "2056"]
[PlyCount "27"]
[EventDate "2004.03.06"]
[EventType "swiss (blitz)"]
[EventRounds "9"]
[EventCountry "ESP"]
[SourceTitle "CBM 099 Extra"]
[Source "ChessBase"]
[SourceDate "2004.05.04"]
[SourceVersion "1"]
[SourceVersionDate "2004.05.04"]
[SourceQuality "1"]

1. e4 e5 2. Nf3 Nc6 3. Bc4 Nf6 4. d4 exd4 5. e5 Ng4 6. Bxf7+ Kxf7 7. Ng5+ Ke8 8. Qxg4 Nxe5 9. Qxd4 Bd6 10. 0-0 c5 11. Qxd6 Nf7 12. Re1+ Ne5 13. Rxe5+ Qe7 14. Qxe7# 1-0